[Event "Osasco Carvalho Memorial"]
[Site "Osasco"]
[Date "2022.02.19"]
[Round "2"]
[White "Silva, Caio Henrique Angel"]
[Black "De Morais, Jose Gabriel Rodrig"]
[Result "1-0"]
[WhiteElo "1797"]
[BlackElo "1449"]
[PlyCount "83"]
[EventDate "2022.02.18"]
[EventType "swiss"]
[EventRounds "6"]
[EventCountry "BRA"]
[SourceTitle "CBM 207 Extra"]
[Source "ChessBase"]
[SourceDate "2022.05.31"]
[SourceVersion "1"]
[SourceVersionDate "2022.05.31"]
[SourceQuality "1"]

1. d4 Nf6 2. Nf3 g6 3. g3 Bg7 4. Bg2 0-0 5. 0-0 d5 6. c4 c6 7. b3 b6 8. Bb2 Bb7 9. Nc3 e6 10. Qc2 c5 11. dxc5 bxc5 12. Na4 Nbd7 13. cxd5 Bxd5 14. Nxc5 Rc8 15. b4 a5 16. a3 Qe7 17. Bd4 e5 18. Be3 Ng4 19. Bg5 Qd6 20. Rac1 e4 21. Nxe4 Bxe4 22. Qxe4 Nge5 23. Nxe5 Rce8 24. Nc4 Rxe4 25. Nxd6 Rxe2 26. bxa5 Ne5 27. a6 Ra2 28. Nc4 Nxc4 29. Rxc4 Rxa3 30. Be7 Rxa6 31. Bxf8 Bxf8 32. Rd1 Kg7 33. Rc7 Kf6 34. Rc6+ Rxc6 35. Bxc6 Ke5 36. Rd7 Ke6 37. Rb7 h6 38. Ba4 f6 39. Bb3+ Ke5 40. f4+ Kd4 41. Kg2 g5 42. Rf7 1-0

[Event "Osasco Carvalho Memorial"]
[Site "Osasco"]
[Date "2022.02.18"]
[Round "1"]
[White "De Morais, Jose Gabriel Rodrig"]
[Black "Mandaji, Marcelo"]
[Result "1-0"]
[WhiteElo "1449"]
[BlackElo "1800"]
[PlyCount "115"]
[EventDate "2022.02.18"]
[EventType "swiss"]
[EventRounds "6"]
[EventCountry "BRA"]
[SourceTitle "CBM 207 Extra"]
[Source "ChessBase"]
[SourceDate "2022.05.31"]
[SourceVersion "1"]
[SourceVersionDate "2022.05.31"]
[SourceQuality "1"]

1. d4 Nf6 2. e3 g6 3. Bd3 Bg7 4. Nf3 d6 5. b3 0-0 6. Bb2 Re8 7. 0-0 Nc6 8. a3 e5 9. dxe5 dxe5 10. Bc4 Be6 11. Bxe6 Rxe6 12. Nc3 Rd6 13. Qe2 e4 14. Ng5 h6 15. Nh3 Rd2 16. Rad1 Rxe2 17. Rxd8+ Rxd8 18. Nxe2 Rd2 19. Nd4 Nxd4 20. Bxd4 Rxc2 21. Bxa7 b6 22. b4 Ra2 23. Bb8 Nd5 24. Rd1 Rxa3 25. Nf4 Nxf4 26. exf4 Rc3 27. h3 Bf8 28. Rd4 f5 29. g4 Bd6 30. gxf5 gxf5 31. Rd5 Ra3 32. Rxf5 Ra8 33. Bxc7 Bxc7 34. Rf6 Kg7 35. Re6 Bxf4 36. Rxe4 Bg5 37. Rg4 Kf6 38. h4 Bd2 39. Rd4 Bc3 40. Rd6+ Kg7 41. Rxb6 Ra4 42. Rb7+ Kg6 43. b5 Rxh4 44. Rc7 Bd4 45. b6 Rf4 46. b7 Bxf2+ 47. Kg2 Ba7 48. Kg3 Bb8 49. Rc8 Rf7+ 50. Rxb8 Kh5 51. Kh3 Rf3+ 52. Kg2 Rf7 53. Kg3 Rg7+ 54. Kf4 Kg6 55. Ke5 h5 56. Kd6 h4 57. Kc6 h3 58. Rh8 1-0